000 00957nam a2200289 i 4500
001 000005813
003 DO-SdBNP
005 20260422134148.0
007 ta
008 090824s1997 dr a 001 0 spa d
040 _aDO-SdBNP
_bspa
_cBNPHU
_erda
041 _aspa
082 4 _a344.01
_bR426c
_222
110 1 _aRepública Dominicana
_9447
245 0 0 _aCódigo de trabajo y normas complementarias /
_cpresentación, Rafael Alburquerque.
264 1 _aSanto Domingo :
_bSecretaría de Estado de Trabajo,
_c1997.
300 _a502 páginas :
_bilustraciones ;
_c24 cm.
336 _atexto
_btxt
_2rdacontent
337 _asin mediación
_bn
_2rdamedia
338 _avolumen
_bnc
_2rdacarrier
500 _aIncluye índices
590 _aInventariado, 2023/BT
650 4 _aDerecho laboral
_xLegislación
_zRepública Dominicana
_97806
650 4 _aDerecho al trabajo
_916432
700 1 _aAlburquerque, Rafael,
_epresentación
_97243
942 _2ddc
_cLBS1
999 _c5609
_d5609